El sastre del Campillo (Record no. 161252)

MARC details
000 -LEADER
campo de control de longitud fija 00881nam a22001815i 4500
001 - NÚMERO DE CONTROL
campo de control 161252
003 - IDENTIFICADOR DE NÚMERO DE CONTROL
campo de control ES-MaACL
005 - FECHA Y HORA DE LA ÚLTIMA TRANSACCIÓN
campo de control 20231230063010.0
008 - DATOS DE LONGITUD FIJA--INFORMACIÓN GENERAL
campo de control de longitud fija 020416s1863 sp |||| | spa d
040 ## - FUENTE DE CATALOGACIÓN
Centro catalogador/agencia de origen CAM
Lengua de catalogación spa
Centro/agencia transcriptor CAM
100 1# - ENTRADA PRINCIPAL--NOMBRE DE PERSONA
Nombre de persona Palacio, Eduardo de,
Fechas asociadas al nombre 1836?-1900
9 (RLIN) 130783
245 13 - MENCIÓN DEL TÍTULO
Título El sastre del Campillo
Resto del título : romance triste en un acto y en verso /
Mención de responsabilidad, etc. de Eduardo de Palacio.
260 ## - PUBLICACIÓN, DISTRIBUCIÓN, ETC.
Lugar de publicación, distribución, etc. Madrid :
Nombre del editor, distribuidor, etc. Juan Manuel Guerrero,
Fecha de publicación, distribución, etc. 1863 (
Fabricante Imprenta de Cristóbal Gonzalez)
300 ## - DESCRIPCIÓN FÍSICA
Extensión 32 p. ;
Dimensiones 20 cm.
596 #1 - NOTA AL PIE DE IMPRENTA
NOTA AL PIE DE IMPRENTA En la port. consta: "J.M.G.", y en verso de la port.: "... Juan Manuel Guerrero, editor de la coleccion de obras dramáticas y líricas titulada El Coliseo ..."
852 ## - LOCALIZACIÓN
Ubicación ES-MaACL
Número de control de estantería F-8564(7)
Nota libre -- Enc. pasta española
condición física -- Falto de la cub. original
Nota libre -- Forma parte de la col. facticia "Teatro español moderno", vol. 16
Holdings
Estatus retirado Estado de pérdida Estado de daño No para préstamo Colección Biblioteca de origen Biblioteca actual Ubicación en estantería Fecha de adquisición Fuente de adquisición Total de préstamos Signatura topográfica completa Código de barras Visto por última vez Precio de reemplazo Tipo de ítem Koha
        Libros del s. XIX Biblioteca del Ateneo de Madrid Biblioteca del Ateneo de Madrid Sala Pecera Planta 2 17/01/2008     F-8564(7) 1168900 23/02/2023 23/02/2023 Libro impreso antiguo